[Event "XI Open Elite"]
[Site "Bergamo ITA"]
[Date "2012.07.13"]
[Round "2"]
[White "Bonassi, Tommaso"]
[Black "Elitropi, Giorgio"]
[WhiteElo "1928"]
[BlackElo "2016"]
[Result "1/2-1/2"]
[PlyCount "54"]
[EventDate "2012.07.13"]

1. e4 e6 2. d4 d5 3. Nd2 Nc6 4. c3 e5 5. Bb5 exd4 6. cxd4 dxe4 7. Bxc6+ bxc6 8.
Nxe4 Qd5 9. Qe2 Be6 10. Nf3 Bb4+ 11. Nc3 Nf6 12. O-O Bxc3 13. bxc3 O-O 14. Bf4
Rac8 15. Qa6 Nh5 16. Bd2 Rfe8 17. Rfe1 f6 18. Qa3 Bg4 19. Re3 g6 20. Ne1 a5 21.
Nd3 Ng7 22. Rae1 Be6 23. Ra1 Bf7 24. Rf3 Nf5 25. Bf4 Nh4 26. Rg3 Nf5 27. Rf3
Nh4 1/2-1/2

[Event "XI Open Elite"]
[Site "Bergamo ITA"]
[Date "2012.07.13"]
[Round "2"]
[White "Borgo, Giulio"]
[Black "Fernandez Saavedra, Jose' Luis"]
[WhiteElo "2384"]
[BlackElo "2099"]
[Result "1-0"]
[PlyCount "57"]
[EventDate "2012.07.13"]

1. Nf3 Nf6 2. c4 e6 3. g3 d5 4. Bg2 dxc4 5. Qa4+ c6 6. Qxc4 b5 7. Qc2 Bb7 8.
O-O c5 9. a4 a6 10. axb5 axb5 11. Rxa8 Bxa8 12. Na3 Qb6 13. Qb3 Bc6 14. Ne5
Bxg2 15. Kxg2 Bd6 16. Nf3 b4 17. Nc4 Qc6 18. Nxd6+ Qxd6 19. d4 O-O 20. Bf4 Qb6
21. dxc5 Qxc5 22. Rc1 Qb5 23. Bd6 Rd8 24. Be7 Re8 25. Bxf6 gxf6 26. Qc4 Qb7 27.
Qg4+ Kf8 28. Qf4 Nd7 29. Qd6+ 1-0

[Event "XI Open Elite"]
[Site "Bergamo ITA"]
[Date "2012.07.13"]
[Round "2"]
[White "Cacciola, Alfredo"]
[Black "Castrogiovanni, Carlo"]
[WhiteElo "2087"]
[BlackElo "1978"]
[Result "1/2-1/2"]
[PlyCount "115"]
[EventDate "2012.07.13"]

1. e4 c5 2. Nf3 a6 3. d4 cxd4 4. Nxd4 Nf6 5. Nc3 e5 6. Nb3 Bb4 7. Bd2 d5 8.
exd5 Nxd5 9. Nxd5 Qxd5 10. Bxb4 Qe4+ 11. Qe2 Qxb4+ 12. c3 Qe7 13. g3 Bd7 14.
Bg2 Bc6 15. O-O Bxg2 16. Kxg2 Nc6 17. Rad1 O-O 18. Rd5 Rad8 19. Rfd1 Rxd5 20.
Rxd5 Rd8 21. Qd2 Rxd5 22. Qxd5 Qd8 23. Qxd8+ Nxd8 24. Kf3 f5 25. Nc5 Kf7 26.
Ke3 Ke7 27. b4 h6 28. h3 Kd6 29. a3 Kc6 30. Kd3 Kb6 31. Kc4 Kc6 32. Kd3 Kd6 33.
c4 g6 34. f3 Kc6 35. g4 a5 36. Kc3 b6 37. Nd3 Nf7 38. h4 e4 39. fxe4 fxe4 40.
Nf4 Nd6 41. Ne6 Kd7 42. Nf4 Nf7 43. c5 axb4+ 44. Kxb4 bxc5+ 45. Kxc5 e3 46. Kb6
Ne5 47. a4 h5 48. a5 Nc4+ 49. Kb5 Nd6+ 50. Kc5 Kc7 51. Kb4 e2 52. Nxe2 Ne4 53.
Nf4 hxg4 54. Kb5 Nf6 55. Nxg6 Kb7 56. h5 Nxh5 57. Ne5 Kc7 58. Nxg4 1/2-1/2

[Event "XI Open Elite"]
[Site "Bergamo ITA"]
[Date "2012.07.13"]
[Round "2"]
[White "Cazzaniga, Walter"]
[Black "Stella, Andrea"]
[WhiteElo "2148"]
[BlackElo "2442"]
[Result "0-1"]
[PlyCount "108"]
[EventDate "2012.07.13"]

1. d4 Nf6 2. c4 g6 3. Nc3 Bg7 4. e4 d6 5. Nf3 O-O 6. Be2 Na6 7. O-O e5 8. Be3
Ng4 9. Bg5 Qe8 10. h3 h6 11. Bh4 exd4 12. Nxd4 Nf6 13. Bf3 Nh7 14. Qd2 Ng5 15.
Bxg5 hxg5 16. Rad1 Qe5 17. Rfe1 c6 18. Bg4 Bxg4 19. hxg4 Rad8 20. g3 Bf6 21.
Kg2 Nc5 22. f3 Ne6 23. Nde2 Qc5 24. b3 Kg7 25. Rh1 Qa5 26. Qc2 Be5 27. Rhf1 Rh8
28. f4 gxf4 29. gxf4 Nxf4+ 30. Rxf4 Bxf4 31. Nxf4 Qg5 32. Kf3 Rh4 33. Rg1 Qf6
34. Ke3 Rdh8 35. Nce2 Rh2 36. Rg3 Kg8 37. Qc3 Qg5 38. Kf3 Qc5 39. Qe3 Qa5 40.
Nc3 Rc2 41. Nfe2 Rh2 42. g5 Qe5 43. Qd3 Rb2 44. Qd4 Qe6 45. Nf4 Qe7 46. Qf6
Rbf2+ 47. Ke3 Qc7 48. c5 dxc5 49. e5 Qd7 50. Qd6 Qf5 51. Nd3 Rd2 52. Qd8+ Kh7
53. Qd6 Rxd3+ 54. Qxd3 Qf2+ 0-1

[Event "XI Open Elite"]
[Site "Bergamo ITA"]
[Date "2012.07.13"]
[Round "2"]
[White "Curtacci, Sergio"]
[Black "Kimbin, Richard Conrod"]
[WhiteElo "2034"]
[BlackElo "1951"]
[Result "1-0"]
[PlyCount "117"]
[EventDate "2012.07.13"]

1. d4 Nf6 2. Nf3 g6 3. Nbd2 d6 4. e4 Bg7 5. Bd3 Nc6 6. c3 e5 7. dxe5 Nxe5 8.
Nxe5 dxe5 9. Nc4 Qe7 10. a4 O-O 11. O-O Ng4 12. h3 Nh6 13. f4 exf4 14. Bxf4 Be6
15. Qe2 Rad8 16. Be3 Bxc4 17. Bxc4 Qxe4 18. Bxa7 Qh4 19. Bf2 Qg5 20. Rad1 Nf5
21. Qg4 Qh6 22. Qf3 Be5 23. Rfe1 Bd6 24. Bd3 Nh4 25. Qg4 g5 26. Be3 f6 27. Be4
b6 28. Bc6 Ng6 29. Qe6+ Kh8 30. Bd4 Nf4 31. Qg4 Qg7 32. Re4 h5 33. Qf5 h4 34.
Rf1 Nh5 35. Rxh4 gxh4 36. Qxh5+ Qh7 37. Qe2 Qg6 38. Qe6 Kg7 39. Be4 Qg5 40. Bc6
Bc5 41. Bxc5 Qxc5+ 42. Kh1 Rd6 43. Qg4+ Qg5 44. Qe4 Qe5 45. Qg4+ Qg5 46. Qe4
Qe5 47. Qc4 Rfd8 48. Bf3 Rd2 49. Qxh4 Rxb2 50. Be4 Rh8 51. Qg4+ Kf8 52. Rd1 f5
53. Bxf5 Rh6 54. Rd8+ Ke7 55. Qg5+ Qf6 56. Rd4 Kf8 57. Qe3 Ra2 58. Qe4 Ra1+ 59.
Kh2 1-0

[Event "XI Open Elite"]
[Site "Bergamo ITA"]
[Date "2012.07.13"]
[Round "2"]
[White "Daskevics, Vadims"]
[Black "Kaluzny, Lukasz"]
[WhiteElo "2457"]
[BlackElo "1969"]
[Result "1-0"]
[PlyCount "59"]
[EventDate "2012.07.13"]

1. Nf3 d5 2. c4 c6 3. e3 Nf6 4. Nc3 e6 5. b3 Bd6 6. Bb2 O-O 7. Be2 Nbd7 8. O-O
Qe7 9. Qc2 b6 10. cxd5 exd5 11. Nd4 Bc7 12. f4 Bb7 13. Ncb5 Nc5 14. Nf5 Qd7 15.
Nxc7 Qxc7 16. Nxg7 Nfe4 17. d3 Nd6 18. Nh5 f5 19. Nf6+ Kf7 20. Nxh7 Rg8 21.
Ng5+ Ke8 22. b4 Na6 23. Be5 Qe7 24. Qb2 Kd7 25. e4 Raf8 26. exf5 Nf7 27. f6
Qxb4 28. Bg4+ Kd8 29. Qxb4 Nxb4 30. Nxf7+ 1-0

[Event "XI Open Elite"]
[Site "Bergamo ITA"]
[Date "2012.12.13"]
[Round "2"]
[White "De Leon Justo, Alejandro"]
[Black "Di Lascio, Savino"]
[WhiteElo "2020"]
[BlackElo "1946"]
[Result "1-0"]
[PlyCount "159"]
[EventDate "2012.07.13"]

1. e4 c6 2. d4 d5 3. Nd2 dxe4 4. Nxe4 Nf6 5. Nxf6+ gxf6 6. Ne2 h5 7. h4 Bg4 8.
Qd3 Na6 9. f3 Bd7 10. Bd2 Qb6 11. O-O-O O-O-O 12. Qc4 Be6 13. Qa4 Bh6 14. Bxh6
Rxh6 15. Nf4 Qb4 16. Qxb4 Nxb4 17. Nxe6 fxe6 18. Bc4 Nd5 19. Rhe1 Kd7 20. Rd2
Rg8 21. Rde2 f5 22. Bxd5 cxd5 23. Kd2 Rg3 24. Rf2 Rhg6 25. Ree2 Kd6 26. b3 b5
27. a3 Rg8 28. Ke1 Rc8 29. Re3 a5 30. Rfe2 Rg6 31. c3 Kd7 32. Kd2 Rcg8 33. g3
R8g7 34. f4 Rxg3 35. Rxe6 R3g6 36. R6e3 Rc6 37. Re1 e6 38. Rh1 Rg4 39. Rf3 Rc8
40. Kd3 Rg2 41. Rb1 Rh2 42. a4 b4 43. c4 dxc4+ 44. bxc4 Rxh4 45. c5 Rg4 46. Kc4
Kc6 47. Re1 Re8 48. Rfe3 Rg6 49. Rh1 Rh6 50. Rxe6+ Rexe6 51. d5+ Kb7 52. dxe6
Rxe6 53. Rxh5 Re4+ 54. Kb5 Re7 55. Kxa5 b3 56. Kb5 b2 57. Rh1 Kb8 58. c6 Kc7
59. a5 Re8 60. Kc5 Re2 61. Rh7+ Kc8 62. Rb7 Rc2+ 63. Kd6 Rd2+ 64. Ke6 Rc2 65.
Rb6 Kc7 66. Kxf5 Rc5+ 67. Kg4 Rxa5 68. Rxb2 Rd5 69. Rc2 Rd1 70. f5 Rf1 71. Kg5
Rg1+ 72. Kf6 Re1 73. Kg7 Rg1+ 74. Kf7 Rf1 75. f6 Re1 76. Kg8 Rg1+ 77. Kf8 Rf1
78. f7 Re1 79. Rg2 Kxc6 80. Kg7 1-0

[Event "XI Open Elite"]
[Site "Bergamo ITA"]
[Date "2012.07.13"]
[Round "2"]
[White "Di Chiara, Mauro"]
[Black "De Palma, Fabrizio"]
[WhiteElo "1953"]
[BlackElo "2084"]
[Result "0-1"]
[PlyCount "70"]
[EventDate "2012.07.13"]

1. d4 Nf6 2. Nf3 e6 3. c4 b6 4. a3 Ba6 5. Qc2 Bb7 6. Nc3 c5 7. e4 cxd4 8. Nxd4
Bc5 9. Nb3 Nc6 10. Be2 Nd4 11. Nxd4 Bxd4 12. Nb5 Be5 13. Bg5 Qb8 14. Bf3 a6 15.
Nc3 Qc7 16. Qd3 Rc8 17. Rd1 Qxc4 18. Bxf6 Qxd3 19. Rxd3 gxf6 20. O-O Bc6 21.
Rfd1 Ke7 22. g3 Rc7 23. Bg2 Rhc8 24. f4 Bxc3 25. Rxc3 Ba4 26. Rxc7 Rxc7 27. Rd4
Rc1+ 28. Kf2 Rc2+ 29. Kg1 Bc6 30. Bf1 Rxb2 31. Bxa6 Ra2 32. Rb4 Rxa3 33. Rxb6
Bxe4 34. Bc4 Rc3 35. Rb4 f5 0-1

[Event "XI Open Elite"]
[Site "Bergamo ITA"]
[Date "2012.07.13"]
[Round "2"]
[White "Ferretti, Folco"]
[Black "Brunello, Sabino"]
[WhiteElo "2283"]
[BlackElo "2586"]
[Result "0-1"]
[PlyCount "112"]
[EventDate "2012.07.13"]

1. e4 c5 2. Nc3 Nc6 3. g3 g6 4. Bg2 Bg7 5. d3 e6 6. Be3 Nd4 7. Nce2 Nxe2 8.
Nxe2 b6 9. d4 Ba6 10. c3 cxd4 11. cxd4 Ne7 12. O-O O-O 13. Re1 d5 14. e5 Qd7
15. f4 f6 16. g4 Rac8 17. Ng3 fxe5 18. fxe5 Nc6 19. Qd2 Qe7 20. Bf1 Bxf1 21.
Rxf1 Qh4 22. Qe2 Bh6 23. Bxh6 Qxh6 24. Rad1 Rxf1+ 25. Rxf1 Rf8 26. Rxf8+ Qxf8
27. Qd2 Qb4 28. Qxb4 Nxb4 29. a4 Nd3 30. b3 Nc1 31. b4 Na2 32. b5 Nc3 33. Kf2
Nxa4 34. Ne2 g5 35. Ke3 Nb2 36. Nc3 Kf7 37. Kd2 Nc4+ 38. Kd3 Na3 39. h3 Ke7 40.
Kd2 Kd7 41. Kd3 Kc7 42. Kd2 Kc8 43. Kd3 Kb7 44. Kd2 Kb8 45. Kd3 Kc8 46. Kd2 Kb7
47. Kd3 h6 48. Kd2 a6 49. bxa6+ Kxa6 50. Ne2 Kb5 51. Kc3 Ka4 52. Nc1 Nc4 53.
Nd3 Ne3 54. Kd2 Nc4+ 55. Kc3 Ka3 56. Nb4 Ne3 0-1

[Event "XI Open Elite"]
[Site "Bergamo ITA"]
[Date "2012.07.13"]
[Round "2"]
[White "Godena, Michele"]
[Black "Sorbera, Giovanni"]
[WhiteElo "2512"]
[BlackElo "2165"]
[Result "1-0"]
[PlyCount "59"]
[EventDate "2012.07.13"]

1. e4 Nf6 2. e5 Nd5 3. d4 d6 4. Nf3 dxe5 5. Nxe5 c6 6. Bc4 Nd7 7. Nf3 e6 8. O-O
Be7 9. Qe2 b6 10. Rd1 Qc7 11. Bb3 Bb7 12. c4 Nf4 13. Bxf4 Qxf4 14. Nc3 O-O 15.
d5 cxd5 16. Nxd5 exd5 17. Qxe7 dxc4 18. Rd4 Qf6 19. Rxd7 Qxe7 20. Rxe7 Bxf3 21.
Bxc4 Bc6 22. Rc7 Rac8 23. Bxf7+ Kh8 24. Rxa7 Be4 25. Re1 Rc2 26. Re7 Bc6 27.
Rc7 Rd8 28. h4 Rc5 29. b4 Rc2 30. Bb3 1-0

[Event "XI Open Elite"]
[Site "Bergamo ITA"]
[Date "2012.07.13"]
[Round "2"]
[White "Kasparova, Tatiana"]
[Black "Slavin, Alexey"]
[WhiteElo "2125"]
[BlackElo "2412"]
[Result "1/2-1/2"]
[PlyCount "63"]
[EventDate "2012.07.13"]

1. e4 c5 2. Nf3 g6 3. c4 Bg7 4. d4 cxd4 5. Nxd4 Nc6 6. Be3 Nf6 7. Nc3 O-O 8.
Be2 d6 9. O-O Bd7 10. f3 a5 11. Qd2 Nxd4 12. Bxd4 Bc6 13. Rac1 Nd7 14. Rfd1 a4
15. Be3 Nc5 16. Rc2 Be5 17. Qc1 Qa5 18. Nd5 Rfe8 19. Qd2 Qd8 20. Nb4 Qa5 21.
Nd5 Qxd2 22. Rdxd2 Bxd5 23. Rxd5 Rec8 24. f4 Bg7 25. Bf3 b6 26. Kf2 a3 27. b4
Na4 28. Rb5 Rab8 29. e5 dxe5 30. fxe5 e6 31. Bc1 f6 32. Bxa3 1/2-1/2

[Event "XI Open Elite"]
[Site "Bergamo ITA"]
[Date "2012.07.13"]
[Round "2"]
[White "Kizilkaya, Mehmet"]
[Black "Danin, Alexandre"]
[WhiteElo "2195"]
[BlackElo "2525"]
[Result "1/2-1/2"]
[PlyCount "43"]
[EventDate "2012.07.13"]

1. e4 e6 2. d4 d5 3. Nd2 Nf6 4. e5 Nfd7 5. f4 c5 6. c3 Nc6 7. Ndf3 Qb6 8. a3 a5
9. b3 Be7 10. h4 h5 11. Ne2 f5 12. Rh3 g6 13. Be3 cxd4 14. Nexd4 Nxd4 15. Nxd4
Nc5 16. b4 Ne4 17. Nxf5 Qc6 18. Nxe7 Qxc3+ 19. Ke2 Qb2+ 20. Ke1 Qc3+ 21. Ke2
Qb2+ 22. Ke1 1/2-1/2

[Event "XI Open Elite"]
[Site "Bergamo ITA"]
[Date "2012.07.13"]
[Round "2"]
[White "Lezzerini, Marco"]
[Black "Gomez Dieguez, David"]
[WhiteElo "1948"]
[BlackElo "2081"]
[Result "0-1"]
[PlyCount "126"]
[EventDate "2012.07.13"]

1. d4 Nf6 2. c4 e5 3. dxe5 Ng4 4. Nf3 Bc5 5. e3 Nc6 6. Be2 Ngxe5 7. Nbd2 a5 8.
O-O d6 9. b3 Qf6 10. Rb1 Bf5 11. e4 Nxf3+ 12. Bxf3 Bd7 13. Bb2 Ne5 14. Be2 Qg6
15. Kh1 O-O 16. Nf3 Nc6 17. e5 Rae8 18. exd6 cxd6 19. Bd3 Qh5 20. Nd2 Bg4 21.
f3 Bc8 22. Ne4 Re6 23. Ng3 Qg5 24. Ne4 Qh4 25. Qe1 Qe7 26. Qd2 Rh6 27. Qg5 Qxg5
28. Nxg5 Nb4 29. Rfd1 Nxd3 30. Rxd3 Bf5 31. Ne4 Re8 32. Re1 Rhe6 33. Bd4 Bb4
34. Bc3 Bxc3 35. Rxc3 Bxe4 36. fxe4 Rxe4 37. Rxe4 Rxe4 38. h3 Kf8 39. Rd3 Ke7
40. Rd5 Re5 41. Rd2 Kd7 42. Kg1 Kc6 43. Kf2 a4 44. Rd1 axb3 45. axb3 Ra5 46.
Rd3 b5 47. cxb5+ Rxb5 48. Rc3+ Rc5 49. Rd3 Re5 50. Rc3+ Kb5 51. Rd3 d5 52. Kf3
h5 53. Kf4 f6 54. g3 g5+ 55. Kf3 f5 56. Rd1 Kb4 57. Rd3 Kc5 58. Rd1 d4 59. Rd3
Re4 60. Kf2 h4 61. gxh4 Rxh4 62. Kg3 Re4 63. Kf2 f4 0-1

[Event "XI Open Elite"]
[Site "Bergamo ITA"]
[Date "2012.07.13"]
[Round "2"]
[White "Messina, Roberta"]
[Black "Monjac, Mislav"]
[WhiteElo "1961"]
[BlackElo "2093"]
[Result "0-1"]
[PlyCount "138"]
[EventDate "2012.07.13"]

1. c4 c5 2. g3 Nc6 3. Bg2 b6 4. Nf3 Bb7 5. O-O Nf6 6. Nc3 a6 7. a3 e6 8. d4
cxd4 9. Nxd4 Qc7 10. Bg5 Be7 11. Rc1 Nxd4 12. Qxd4 Bxg2 13. Kxg2 O-O 14. e4 h6
15. Bf4 d6 16. Be3 Rab8 17. f3 Nd7 18. Rfd1 Nc5 19. Rc2 Rfc8 20. Na2 Rd8 21. b4
Nd7 22. Rdc1 Nf6 23. Nc3 Qb7 24. Ne2 Rd7 25. Qd2 Bf8 26. Nd4 e5 27. Ne2 Rc8 28.
Qd3 Rdc7 29. g4 Rc6 30. h4 Nd7 31. Rc3 Qc7 32. Bd2 Be7 33. Kh3 Nf8 34. Ng3 Ne6
35. Nf5 Bf6 36. Kg3 Nf4 37. Qf1 Qd8 38. Qh1 Ne2+ 39. Kg2 Nxc3 40. Rxc3 Rxc4 41.
Rd3 Rc2 42. Kg3 R8c6 43. Rd5 Ra2 44. Qd1 Rcc2 45. Ne3 Bxh4+ 46. Kh3 Rxd2 47.
Rxd2 Rxd2 48. Qxd2 Bg5 49. Qd3 Bxe3 50. Qxe3 Qc7 51. Qd3 b5 52. Kg3 Qb6 53. Qd5
g6 54. Kg2 Kg7 55. Kg3 h5 56. gxh5 gxh5 57. Qd2 Kg6 58. Kh3 Qd8 59. f4 exf4 60.
Qxf4 Qf6 61. Qg3+ Kh6 62. Qe3+ Qg5 63. Qd4 Qg4+ 64. Kh2 Qf4+ 65. Kh3 f6 66. Kg2
h4 67. Kh1 h3 68. Qd3 Qg4 69. Qd2+ Kg6 0-1

[Event "XI Open Elite"]
[Site "Bergamo ITA"]
[Date "2012.07.13"]
[Round "2"]
[White "Platino, Maurizio"]
[Black "Koetz, Andreas"]
[WhiteElo "1901"]
[BlackElo "2008"]
[Result "1/2-1/2"]
[PlyCount "65"]
[EventDate "2012.07.13"]

1. d4 Nf6 2. c4 g6 3. Nc3 Bg7 4. e4 d6 5. f3 O-O 6. Be3 c5 7. Nge2 Nc6 8. d5
Ne5 9. Ng3 e6 10. Be2 exd5 11. cxd5 a6 12. a4 h5 13. Bg5 Qc7 14. h4 Re8 15. Qd2
Nh7 16. Bh6 Bf6 17. Nf1 Qe7 18. Qf4 Bd7 19. Ne3 b5 20. a5 c4 21. Qg3 Kh8 22.
Bf4 Bc8 23. Nc2 Bb7 24. Nb4 Qc7 25. Be3 Nd7 26. Qf2 Nc5 27. Ra3 Nd3+ 28. Bxd3
cxd3 29. Nb1 Qc4 30. Qd2 Be5 31. O-O Bd4 32. Bxd4+ Qxd4+ 33. Kh1 1/2-1/2

[Event "XI Open Elite"]
[Site "Bergamo ITA"]
[Date "2012.07.13"]
[Round "2"]
[White "Ranfagni, Stefano"]
[Black "Soyeur, Alain"]
[WhiteElo "1994"]
[BlackElo "2118"]
[Result "1/2-1/2"]
[PlyCount "112"]
[EventDate "2012.07.13"]

1. e4 Nf6 2. Nc3 d5 3. e5 Ne4 4. d3 Nxc3 5. bxc3 c5 6. d4 Nc6 7. Nf3 Bg4 8. Be2
e6 9. O-O Be7 10. h3 Bh5 11. Be3 Qa5 12. Qb1 Rb8 13. Qb2 O-O 14. g4 Bg6 15. Ne1
cxd4 16. cxd4 Bb4 17. Qb3 Bc3 18. Rd1 Rfc8 19. f4 Be4 20. Bf3 Bxf3 21. Nxf3 Qb4
22. f5 Na5 23. Qxb4 Bxb4 24. fxe6 fxe6 25. Ng5 Rxc2 26. Nxe6 Nc4 27. Bf4 Rc8
28. Rf2 Rxf2 29. Kxf2 Nb2 30. Rb1 Rc2+ 31. Kg1 Bc3 32. Rc1 Rxc1+ 33. Bxc1 Kf7
34. Ng5+ Ke7 35. Bxb2 Bxb2 36. Nf3 b5 37. Kf2 a5 38. Ke3 a4 39. Kd3 Kd7 40. Kc2
Ba3 41. Ng1 Be7 42. Ne2 b4 43. Nf4 Kc6 44. Nh5 Bf8 45. g5 Kb5 46. Nf4 Kc4 47.
Ne6 b3+ 48. axb3+ axb3+ 49. Kb2 Be7 50. Nxg7 Bxg5 51. Nf5 h5 52. e6 Bf6 53. e7
Bxe7 54. Nxe7 Kxd4 55. Kxb3 Ke4 56. Kc3 h4 1/2-1/2

[Event "XI Open Elite"]
[Site "Bergamo ITA"]
[Date "2012.07.13"]
[Round "2"]
[White "Sala, Giovanni"]
[Black "Simonetto, Adriano"]
[WhiteElo "1996"]
[BlackElo "1919"]
[Result "1/2-1/2"]
[PlyCount "100"]
[EventDate "2012.07.13"]

1. c4 e6 2. Nf3 Nf6 3. g3 d5 4. Bg2 c6 5. b3 Nbd7 6. Bb2 Bd6 7. d4 b6 8. O-O
O-O 9. Nbd2 Bb7 10. Qc2 Qc7 11. e4 dxe4 12. Nxe4 Nxe4 13. Qxe4 c5 14. Qe2 cxd4
15. Nxd4 Bxg2 16. Kxg2 Be5 17. f4 Bf6 18. Rad1 Rad8 19. Qf3 Nc5 20. Rf2 a6 21.
Rfd2 Rd6 22. Bc3 Rfd8 23. Ne2 Rxd2 24. Rxd2 Rxd2 25. Bxd2 Qd8 26. Be3 g6 27.
Bxc5 bxc5 28. Ng1 Qa5 29. Qe2 Bd4 30. Nf3 Qc3 31. Qd2 Kg7 32. Qxc3 Bxc3 33. Ng1
e5 34. Ne2 Bb2 35. fxe5 Bxe5 36. Kf3 Kf6 37. Nc1 Bd4 38. h3 g5 39. Nd3 Kf5 40.
g4+ Ke6 41. Ke4 a5 42. a3 Bg1 43. Nb2 Bf2 44. Nd3 Bg1 45. Ne5 Bh2 46. Nf3 Bf4
47. h4 h6 48. hxg5 hxg5 49. Ne1 Bc1 50. Nc2 Bd2 1/2-1/2

[Event "XI Open Elite"]
[Site "Bergamo ITA"]
[Date "2012.07.13"]
[Round "2"]
[White "Salgado Lopez, Oscar"]
[Black "Guzzetti, Luigi Enrico"]
[WhiteElo "2218"]
[BlackElo "1908"]
[Result "1-0"]
[PlyCount "45"]
[EventDate "2012.07.13"]

1. e4 c5 2. b3 e6 3. Bb2 d6 4. f4 Nc6 5. Nf3 Nf6 6. Nc3 a6 7. g3 Be7 8. Bg2 O-O
9. O-O d5 10. e5 Nd7 11. Qe2 Qc7 12. Rae1 Nd4 13. Qd1 Nxf3+ 14. Bxf3 b5 15. Qe2
b4 16. Nd1 Bb7 17. f5 Rae8 18. Bh5 Bd8 19. f6 gxf6 20. Qg4+ Kh8 21. exf6 Rg8
22. Qg7+ Rxg7 23. fxg7+ 1-0

[Event "XI Open Elite"]
[Site "Bergamo ITA"]
[Date "2012.07.13"]
[Round "2"]
[White "Seyfried, Claus"]
[Black "Pescatore, Lorenzo"]
[WhiteElo "2101"]
[BlackElo "2201"]
[Result "1-0"]
[PlyCount "131"]
[EventDate "2012.07.13"]

1. e4 c5 2. c3 d6 3. d4 Nf6 4. dxc5 Nc6 5. cxd6 Nxe4 6. Bd3 Nxd6 7. Nf3 g6 8.
O-O Bg7 9. Nbd2 O-O 10. Ne4 h6 11. h3 Nxe4 12. Bxe4 Qc7 13. Qe2 e5 14. Re1 Re8
15. Be3 Be6 16. Qb5 Rad8 17. Rad1 f5 18. Bc2 Qf7 19. Nd2 Rd5 20. Bc5 b6 21.
Qxc6 Rxc5 22. Qa4 Ra5 23. Qb4 Rxa2 24. Nf3 e4 25. Nd4 Bf8 26. Qb5 Ra5 27. Qe2
Bc4 28. Qe3 f4 29. Qc1 Rae5 30. Qb1 Bd5 31. c4 Bb7 32. Qa2 Bc5 33. Ba4 Rd8 34.
Nc6 Rxd1 35. Rxd1 Re8 36. Nd8 Qe7 37. Bxe8 Qh4 38. b4 e3 39. bxc5 Bxg2 40. fxe3
Bf3 41. Bf7+ Kf8 42. Be6 Qg3+ 43. Kf1 Bxd1 44. Qf2 Qxf2+ 45. Kxf2 bxc5 46. Nc6
fxe3+ 47. Kxe3 a6 48. Bc8 g5 49. Bxa6 g4 50. h4 g3 51. Ne5 Ke7 52. Bb7 Ke6 53.
Kf4 h5 54. Bd5+ Kd6 55. Nf7+ Ke7 56. Kxg3 Be2 57. Kf4 Kf6 58. Ng5 Bd3 59. Ne4+
Kg6 60. Nxc5 Bf1 61. Be4+ Kh6 62. Nd3 Bh3 63. c5 Bd7 64. c6 Bxc6 65. Bxc6 Kg7
66. Kg5 1-0

[Event "XI Open Elite"]
[Site "Bergamo ITA"]
[Date "2012.07.13"]
[Round "2"]
[White "Stoppa, Omar"]
[Black "Georgiev, Kiril D."]
[WhiteElo "2300"]
[BlackElo "2680"]
[Result "0-1"]
[PlyCount "83"]
[EventDate "2012.07.13"]

1. e4 c5 2. Nf3 Nc6 3. d4 cxd4 4. c3 d3 5. Bxd3 d6 6. h3 g6 7. O-O Bg7 8. Qe2
Nf6 9. Rd1 Nd7 10. c4 O-O 11. Nc3 Nc5 12. Be3 Bxc3 13. bxc3 Qa5 14. Nd4 Qxc3
15. Nxc6 bxc6 16. Rac1 Qa5 17. Bb1 f6 18. f4 Be6 19. h4 f5 20. e5 dxe5 21. Bd2
Qb6 22. Qxe5 Nd3+ 23. c5 Nxe5 24. cxb6 Nc4 25. bxa7 Nxd2 26. Rxd2 Bd5 27. Bc2
Rxa7 28. Bb3 e6 29. Re2 Kf7 30. Rxc6 Bxc6 31. Rxe6 Bd5 32. Bxd5 Kg7 33. Bb3 Rd8
34. Kf2 Rd2+ 35. Re2 Rd4 36. g3 Kh6 37. Re3 Kh5 38. Kf3 Rad7 39. Bc2 Rd2 40.
Rc3 Rh2 41. Rc5 Rdd2 42. Rc7 0-1

[Event "XI Open Elite"]
[Site "Bergamo ITA"]
[Date "2012.07.13"]
[Round "2"]
[White "Sumets, Andrey"]
[Black "Cattaneo, Marco"]
[WhiteElo "2618"]
[BlackElo "2032"]
[Result "1-0"]
[PlyCount "102"]
[EventDate "2012.07.13"]

1. d4 d5 2. c4 c6 3. cxd5 cxd5 4. Nf3 Nc6 5. Nc3 Nf6 6. Bf4 a6 7. Rc1 Bf5 8. e3
Rc8 9. Ne5 Nxe5 10. dxe5 Ne4 11. Nxe4 dxe4 12. Rxc8 Qxc8 13. Be2 e6 14. g4 Bg6
15. h4 h6 16. h5 Bh7 17. g5 Qd7 18. O-O hxg5 19. Bxg5 Be7 20. Qxd7+ Kxd7 21.
Rd1+ Ke8 22. Bxe7 Kxe7 23. Rd6 Rd8 24. Rb6 Rd7 25. f4 Kd8 26. Kf2 Kc7 27. Rb4
Bf5 28. Ke1 Rd8 29. Rc4+ Kb8 30. b4 Rd7 31. a4 b6 32. Rc2 Kb7 33. Rb2 Rd8 34.
a5 b5 35. Rc2 Rd7 36. Rc1 f6 37. exf6 gxf6 38. Rd1 Rh7 39. Rd8 Rg7 40. Kd2 Kc7
41. Rf8 Rd7+ 42. Kc3 Re7 43. Rg8 Rf7 44. h6 Rh7 45. Rg7+ Rxg7 46. hxg7 Bh7 47.
Kd4 Kd6 48. Bg4 Bg8 49. Bh3 Bh7 50. Bg2 Bg8 51. Bxe4 Kc7 1-0

[Event "XI Open Elite"]
[Site "Bergamo ITA"]
[Date "2012.07.13"]
[Round "2"]
[White "Tarelli, Daniele"]
[Black "Aranovitch, Emiliano"]
[WhiteElo "1909"]
[BlackElo "2329"]
[Result "0-1"]
[PlyCount "96"]
[EventDate "2012.07.13"]

1. d4 Nf6 2. c4 c5 3. d5 e6 4. Nc3 exd5 5. cxd5 d6 6. e4 g6 7. Bg5 h6 8. Bh4
Bg7 9. Nf3 a6 10. Bd3 g5 11. Bg3 Nh5 12. O-O Nxg3 13. hxg3 Nd7 14. Re1 O-O 15.
Rc1 b5 16. Qe2 Re8 17. Bb1 Ne5 18. Nxe5 Bxe5 19. Nd1 g4 20. Ne3 Qg5 21. Qc2 h5
22. a4 Bd7 23. a5 Qg7 24. Re2 Bd4 25. Rce1 Qf6 26. Kh2 h4 27. Rh1 hxg3+ 28. Kg1
Re5 29. fxg3 Qg5 30. Qd3 b4 31. Qd2 Bb5 32. Bd3 Bxd3 33. Qxd3 Rae8 34. Rh4 Rxe4
35. Kh2 Bxe3 36. Qxa6 Bg1+ 37. Kxg1 Rxe2 38. Qd3 Qg6 39. Qc4 R2e4 40. Qb5 Re1+
41. Kh2 Kg7 42. a6 Qb1 43. Rxg4+ Kf8 44. Rg8+ Kxg8 45. g4 Rh1+ 46. Kg3 Re3+ 47.
Kf4 Qe4+ 48. Kg5 Qe5# 0-1

[Event "XI Open Elite"]
[Site "Bergamo ITA"]
[Date "2012.07.13"]
[Round "2"]
[White "Ventura, Franco"]
[Black "Bargeri, Ludovico"]
[WhiteElo "2084"]
[BlackElo "1954"]
[Result "1/2-1/2"]
[PlyCount "142"]
[EventDate "2012.07.13"]

1. c4 e5 2. g3 Nf6 3. Bg2 c6 4. d4 Bb4+ 5. Bd2 Bxd2+ 6. Qxd2 d6 7. dxe5 dxe5 8.
Qxd8+ Kxd8 9. Nf3 Nbd7 10. Nc3 h6 11. O-O Re8 12. Nd2 Kc7 13. Rac1 Nc5 14. b4
Ne6 15. e3 Rd8 16. Nb3 Bd7 17. Nd5+ Kb8 18. Nxf6 gxf6 19. Rfd1 Kc7 20. Kf1 Be8
21. Rxd8 Rxd8 22. Ke2 Bd7 23. c5 Ng7 24. Na5 Bg4+ 25. f3 Be6 26. Nc4 Bxc4+ 27.
Rxc4 Nf5 28. Bh3 Ne7 29. f4 Re8 30. fxe5 fxe5 31. Rc1 f6 32. Rf1 Rf8 33. Be6
Nd5 34. Bxd5 cxd5 35. Rf5 Kd7 36. Rh5 Rh8 37. Kd3 Ke6 38. g4 Kf7 39. Rf5 Rg8
40. h3 Ke6 41. Rh5 Rg6 42. a3 Kd7 43. b5 Ke6 44. a4 Kd7 45. a5 a6 46. bxa6 bxa6
47. Kc3 Kc7 48. Rf5 Kc6 49. Kb4 Kc7 50. Rf2 Kc6 51. Rf1 Kc7 52. e4 dxe4 53. Kc4
e3 54. Rf3 Rg7 55. Rxe3 Rd7 56. Rf3 Rd4+ 57. Kc3 Rf4 58. Rd3 Kc6 59. Rd6+ Kxc5
60. Rxa6 Kb5 61. Ra8 Ra4 62. Kd2 Rxa5 63. Rh8 Ra2+ 64. Ke1 Kc4 65. Rxh6 Rh2 66.
Kf1 e4 67. Kg1 e3 68. Rxf6 Rxh3 69. Kg2 Rh4 70. Kf3 Rh3+ 71. Ke2 Rg3 1/2-1/2

[Event "XI Open Elite"]
[Site "Bergamo ITA"]
[Date "2012.07.13"]
[Round "2"]
[White "Ventura, Salvatore"]
[Black "Cesarano, Marco"]
[WhiteElo "2014"]
[BlackElo "1929"]
[Result "1-0"]
[PlyCount "63"]
[EventDate "2012.07.13"]

1. f4 d5 2. Nf3 Nf6 3. e3 e6 4. b3 Nbd7 5. Bb2 Be7 6. Be2 b6 7. O-O O-O 8. c4
c6 9. Ne5 Bb7 10. Bf3 Qc7 11. cxd5 exd5 12. Na3 Rfe8 13. Nc2 c5 14. Rc1 Qd8 15.
Ne1 Bd6 16. N1d3 Rc8 17. g4 Nf8 18. g5 Ne4 19. Ng4 Ba6 20. Be2 Nd7 21. Rf3 Qe7
22. h4 d4 23. Rc2 dxe3 24. Rxe3 Qd8 25. Nde5 Bxe2 26. Qxe2 Nxe5 27. fxe5 Nxg5
28. exd6 Nh3+ 29. Kg2 Rxe3 30. Qxe3 Qxh4 31. Qxh3 Qe1 32. Nh6+ 1-0

[Event "XI Open Elite"]
[Site "Bergamo ITA"]
[Date "2012.07.14"]
[Round "3"]
[White "Abella Vazquez, Cesar"]
[Black "Daskevics, Vadims"]
[WhiteElo "2093"]
[BlackElo "2457"]
[Result "0-1"]
[PlyCount "74"]
[EventDate "2012.07.13"]

1. e4 c5 2. Nf3 d6 3. d4 cxd4 4. Qxd4 Nc6 5. Bb5 Bd7 6. Bxc6 Bxc6 7. Nc3 h6 8.
Qd3 Nf6 9. Nd4 g6 10. f4 Bg7 11. Be3 Ng4 12. O-O-O O-O 13. h3 Nxe3 14. Qxe3 Qa5
15. Kb1 Qc5 16. Rhe1 Rfc8 17. g4 b5 18. e5 dxe5 19. fxe5 e6 20. Nxc6 Rxc6 21.
Qe4 Rac8 22. Re2 R6c7 23. h4 a6 24. g5 h5 25. Qf4 Kh8 26. Qe4 a5 27. Qd4 b4 28.
Qxc5 Rxc5 29. Na4 Rxe5 30. Rxe5 Bxe5 31. Nb6 Rc6 32. Nd7 Rd6 33. Rxd6 Bxd6 34.
c4 bxc3 35. bxc3 Bg3 36. c4 Bxh4 37. Ne5 Kg7 0-1